Finančné zabezpečenie inovačných aktivít MSP diplomová práca

Na minha lista:
Detalhes bibliográficos
Autor principal: Totková, Adriana
Autor Corporativo: Národohospodárska fakulta EU. Katedra financií
Outros Autores: Belanová, Katarína, 1978-
Formato: Livro
Idioma:eslovaco
Publicado em: Bratislava 2025
Tags: Adicionar Tag
Sem tags, seja o primeiro a adicionar uma tag!

MARC

LEADER 00000nbm a2200000 4500
001 0312248
005 20251016131613.7
041 0 |a slo 
044 |a SK 
245 1 0 |a Finančné zabezpečenie inovačných aktivít MSP  |b diplomová práca  |c Adriana Totková ; školiteľ: Katarína Belanová 
264 1 |a Bratislava  |c 2025 
300 |a 61 s. 
100 1 |a Totková, Adriana 
700 1 |a Belanová, Katarína, 1978- 
710 2 |a Národohospodárska fakulta EU. Katedra financií